Регионална библиотека "Любен Каравелов" - Русе

Чудодейната сила на меда (Запис номер 191587)

MARC детайли
000 -Лидер
Контролно поле с фиксирана дължина 02506nam a2200505 c 4500
003 - Код на организацията, давaща контролен номер
Контролно поле BLK
005 - Дата и час на последна редакция
Контролно поле 20250605132816.0
008 - Елементи от данни с фиксирана дължина
fixed length control field 180411b bul|||||r ||||||| ||bul||
010 ## - Наследен системен номер
LC control number KNG00200747000
020 ## - Международен стандартен номер на книга ISBN
Международен стандартен номер на книга ISBN 978-954-398-482-4
-- издат.: Труд
040 ## - Източник на каталожния запис
Идентификатор на билиотеката - собственик на записа BLK
041 ## - Код за език
Код за езика на текст/звукозапис или на отделно заглавие Български
Код за езика КДБФ Български
072 #7 - Код за тематичната категория
Код организация bullib
Код за тематична категория Н61
Текст Медицина Н
072 #7 - Код за тематичната категория
Код организация bullib
Код за тематична категория Л0101
Текст Билколечение. Природолечение. Народна медицина
080 ## - УДК
Текстов определител УДК Вещества от естествен произход и тяхните смеси. Лекарствени суровини. Фармакогнозия. Вещества от животински и минерален произход. Минерални води
УДК код - определител по УДК 615.32
УДК определител :638.16/.17(035)
УДК - код + определител 615.32:638.16/.17(035)
080 ## - УДК
Текстов определител УДК
УДК код - определител по УДК 638.16/.17
УДК определител
УДК - код + определител 638.16/.17
080 ## - УДК
Текстов определител УДК Народна медицина. Лечение с домашни средства
УДК код - определител по УДК 615.89
УДК определител (035)
УДК - код + определител 615.89(035)
100 1# - Редна дума - Автор
Автор Даников, Николай Иларионович
Авторска отговорност първи автор
R(LIN) 58506
139 ## - Редно поле
Редна дума Даников, Николай Иларионович
Авторски знак Дане - Д 18
245 10 - Сведения за заглавието
Заглавие Чудодейната сила на меда
Редно поле (дума) Николай Иларионович Даников; прев. Иван Василев.
257 ## - Страна на издаване
Страна на създаване/издаване Русия
260 ## - Област на издателските данни
-- София
Име на издателя, разпространителя и проч. Труд
Година на издаване 2017
Печатница Благоевград : Смилков
300 ## - Физическа характеристика
Страници 325 с.
Размери/Мащаб 20 см
380 ## - Жанр
Жанр Медицина
490 1# - СЕРИИ (Колекции)
Име на серия Здраве от природата
500 ## - Общи забележки
Забележка Без сведение за ориг. загл. ; Ориг. загл. Целебный мед.
650 #4 - Допълнително описание по предмет – тема
Основно описание – тема или топоним Мед, пчелен - лечебни свойства и приложение
9 (RLIN) 242074
650 #4 - Допълнително описание по предмет – тема
Основно описание – тема или топоним Пчелни продукти - свойства и приложение
9 (RLIN) 244299
650 #4 - Допълнително описание по предмет – тема
Основно описание – тема или топоним Медолечение
9 (RLIN) 161745
650 #4 - Допълнително описание по предмет – тема
Основно описание – тема или топоним Народна медицина - рецепти
9 (RLIN) 242084
653 ## - Ключова дума – ненормативна
Ключова дума медолечение
653 ## - Ключова дума – ненормативна
Ключова дума мед
653 ## - Ключова дума – ненормативна
Ключова дума пчелни продукти
653 ## - Ключова дума – ненормативна
Ключова дума народна медицина
653 ## - Ключова дума – ненормативна
Ключова дума рецепти
659 ## - Тематичен бюлетин
Тематичен бюлетин Л
659 ## - Тематичен бюлетин
Тематичен бюлетин Н
700 1# - Други автори (авторска отговорност)
Лично име Василев, Иван
Автороска отговорност (Описва отношението между автора и произведението) прев.
Друга информация Гайдаров, Иван Василев
9 (RLIN) 369540
852 ## - Местоположение
Форматна сигнатура Цб 284393
856 4# - Електронен адрес и достъп
Електронен формат pdf - файл
Път до файла /url/
856 4# - Електронен адрес и достъп
Електронен формат pdf - файл
Път до файла /url/
942 ## - АРТИКУЛИ
Вид на библиотечния материал Книги
Скрит в OPAC Не
Koha issues (borrowed), all copies 3
944 ## - СЪЗДАВАНЕ И РЕДАКЦИЯ на ЗАПИСА
Създаване/Редакция Създаване
Дата на регистрацията/редакция 13.02.2017
Статус, дата на статуса Цветелина Шанова
Служител, извършил регистрацията/редакцията 30531
944 ## - СЪЗДАВАНЕ И РЕДАКЦИЯ на ЗАПИСА
Създаване/Редакция Редакция
Дата на регистрацията/редакция 10.10.2017
Статус, дата на статуса ф /
Служител, извършил регистрацията/редакцията Пенка_Димитрова
999 ## - СИСТЕМНИ КОНТРОЛНИ НОМЕРА
Koha biblionumber 191587
Koha biblioitemnumber 191587
Наличности
Код за отписване Код за изгубен артикул Код за повреда Коз за рестрикции Код за отдаване Артикулен № Име на библиотеката - собственик Име на библиотеката, в която се намира в момента Статус (Текущо местоположение) Дата на вписване в системата Местоположение - отдел Цена в лева Инвентарен номер Систематично азбучна сигнатура Баркод Номер на екземпляра Цена в евро Служебна бележка Служебен тип на артикула
  Не е изгубен Не е повреден без рестрикции заемане за дома 336468 Регионална библиотека "Любен Каравелов" Русе Регионална библиотека "Любен Каравелов" Русе Заемна - подръчен фонд 2017-02-14 Заемна - подръчен фонд 4.68 120000808441 П 615.3/Д 18 120000808441 1 2.39 Дост: Pk Вид: Ф N: 789 Дата: 10.02.2017 Дата инв: 05.02.2018 Бележки инв: П2018 Книги
  Не е изгубен Не е повреден без рестрикции ползва се в читалня 336469 Регионална библиотека "Любен Каравелов" Русе Регионална библиотека "Любен Каравелов" Русе Хранилище 2017-10-10 Хранилище 6.00 120000815701 Цб 284393 120000815701 2 3.07 Дост: Dp Вид: Д N: 35 Дата: 28.07.2017 Книги
Vip Innovations Ltd, Rousse, Bulgaria 2025